000
00328 a2200145 4500
001
151459
040
_c
Escola São Tomás de Aquino
240
1
0
_a
Conversa vai, conversa vem
_l
por
245
1
0
_a
Conversa vai, conversa vem
300
_a
24
362
0
_a
1999
440
1
_a
FTD
697
_a
*LITERATURA INFANTO
942
_c
BK
999
_c
151459
_d
151459